000 00697nam a2200289Ia 4500
005 20260324125811.0
008 008 260324s9999 xx 000 0 eng d
020 _a9781849773713
037 _aEBOOK
040 _aCRL
040 _beng
040 _cCRL
041 _2eng
041 _aeng
084 _qCRL
100 _aClaude-Alain Roulet
_91179374
245 0 _aVentilation and Airflow in Buildings
245 0 _bMethods for Diagnosis and Evaluation
260 _bTaylor and Francis
260 _c2008
365 _a
365 _b385
856 _uhttp://www.taylorfrancis.com/books/9781849773713
942 _cEBOOK
999 _c1774941
_d1774941